000 00651nam a22002297a 4500
003 UA-OsUOA
001 22053
007 ta
008 20031216b un ||||| |||| 00| 0 ukr d
100 _aСавчук В.
090 _a330.322
_bС13
942 _cSA
040 _aUA-OsUOA
_bukr
_cUA-OsUOA
_dUA-OsUOA
245 _aТеорія і практика оцінки ефективності інвестицій в Україні
300 _aС.19-26
955 _a0
041 _aukr
080 _a330.322
044 _aUA
773 0 _w0
_tЕкономіка України
_dК.
_d2003
_g№12
650 7 _aЕкономіка України
_2UDC
999 _c308266
_d308266